| 000 | 00713nam a2200205Ia 4500 | ||
|---|---|---|---|
| 001 | 11221 | ||
| 003 | GE_BSU | ||
| 008 | 181216s||||||||xx |||||||||||||| ||und|| | ||
| 040 | _cGE_BSU | ||
| 080 | _a634(479.22) | ||
| 100 | _aზურაბ ლოლაძე, ნანა მიროტაძე, ლია მშვიდობაძე და სხვა. | ||
| 245 | _aბაღის გაშენება-მოვლა | ||
| 245 | _cრედ: თამაზ ფეიქრიშვილი | ||
| 260 | _aთბილისი. | ||
| 260 | _b/გ.გ./ | ||
| 260 | _c2004 | ||
| 300 | _a99გვ.19სმ. | ||
| 653 | _aბაღის გაშენება-მოვლა | ||
| 942 | _cBK | ||
| 999 |
_c44452 _d44452 |
||